مكتبة جامعة عجلون الوطنية

فهرس بحث المكتبة

Normal view MARC view
  • الثقافة الشعبية - مؤتمرات - جامعة فيلادلفيا - الاردن

Entry Topical Term

Number of records used in: 1

001 - CONTROL NUMBER

  • control field: 43362

003 - CONTROL NUMBER IDENTIFIER

  • control field: JO-AjAnu

005 - DATE AND TIME OF LATEST TRANSACTION

  • control field: 20230606081204.0

008 - FIXED-LENGTH DATA ELEMENTS

  • fixed length control field: 230606|| aca||aabn | a|a d

040 ## - CATALOGING SOURCE

  • Original cataloging agency: JO-AjAnu
  • Transcribing agency: JO-AjAnu

150 ## - HEADING--TOPICAL TERM

  • Topical term or geographic name entry element: الثقافة الشعبية - مؤتمرات - جامعة فيلادلفيا - الاردن

670 ## - SOURCE DATA FOUND

  • Source citation: Work cat.: (JO-AjAnu)22204: جامعة فيلادلفيا، الاردن؛ تحرير وتقديم صالح خليل أبو أصبع، تحرير وتقديم محمد عبيد الله, author 43361, الثقافات الشعبية: دراسات في العادات والفنون والإعلام: أوراق مؤتمر فيلادلفيا الدولي السادس عشر 21-24 تشرين الثاني ( نوفمبر) 2011: بحوث علمية محكمة = Philadelephia International Conference Popular Cultures 21-24 November 2011